000
00344 a2200169 4500
001
184844
020
_a
85-322-2551-9
040
_c
Magnum
100
_a
Reyes, Yolanda
240
1
0
_a
Saber perder
_l
por
245
1
0
_a
Saber perder
300
_a
362
0
_a
1999
440
1
_a
FTD
697
_a
LITERATURA INFANTO-JUVENIL
942
_c
BK
999
_c
184844
_d
184844